| 000 | 01135nac a22003617a 4500 | ||
|---|---|---|---|
| 001 | BR8203901 | ||
| 003 | BR-BrBNA | ||
| 005 | 20240105115406.0 | ||
| 008 | 230509b bl.|||m| |||| 00| 0 por d | ||
| 040 |
_aBR-BrBNA _bpor _cBiblioteca Nacional de Agricultura |
||
| 072 | _aF00 | ||
| 090 | _a1000 BR8203901 | ||
| 100 | 1 | _aCarvalho, E.J.M. | |
| 110 | 1 |
_aUnidade de Execucao de Pesquisa de Ambito Estadual de Altamira, PA (Brasil) _910343 |
|
| 245 | 1 | _aTecnicas para producao de mudas citricas na Transamazonica - Para [pratica cultura, Brasil] | |
| 260 | 3 |
_aAltamira, PA (Brasil): _c1982. |
|
| 300 | _a18 p. | ||
| 490 |
_aComunicado Tecnico - Unidade de Execucao de Pesquisa de Ambito Estadual de Altamira (Brazil) _vno. 6 _xISSN 0101-3572 |
||
| 500 | _a10 ref. | ||
| 650 | _aFRUTA CITRICA | ||
| 650 | _aVARIEDADE | ||
| 650 | _aMUDA | ||
| 650 | _aPORTA ENXERTO | ||
| 650 | _aSEMEADURA | ||
| 650 | _aPRATICA CULTURAL | ||
| 650 | _aPLANTIO | ||
| 650 | _aENXERTO | ||
| 650 | _aDESBROTA | ||
| 650 | _aTRANSAMAZONICA | ||
| 650 | _aPARA | ||
| 909 |
_a202312 _bLúcia Elande _c55 _dLúcia Elande |
||
| 942 |
_2AGRIS _n0 _cMS |
||
| 999 |
_c274640 _d274640 |
||